00686nam a2200193 i 450000100060000000300090000600500170001500700030003200800410003510000340007624500750011026000410018530000220022665000310024870000420027985200320032199900170035395201220037055837ES-MaACL20250831133308.0t|030929s1969 sp ||||1| spa d1 aDíaz, Carlos,d1944-94411310aPersonalismo obrero b: (presencia viva de Mounier) / cCarlos Díaz. a[Algorta (Vizcaya) : bZero, c1969] a111 p. ; c21 cm.07aPersonalismo2embne9159751 aMounier, Emmanuel, d1905-1950983875 aES-MaACLjC-36805 bR.70967 c55837d55837 00104070aATENEOMbATENEOMcDEPO2d2008-01-17eSCl0oC-36805p1058654r2023-02-23 00:00:00w2023-02-23yMONOGRAFIA